All UEFA Champions League Clubs Ever - Statistics

General Stats
  • This quiz has been taken 31 times
  • The average score is 81 of 155
Answer Stats
Country Appearances Last Appearance Answer % Correct
๐Ÿ‡ฎ๐Ÿ‡น 21 2025 AC Milan
100%
๐Ÿ‡ช๐Ÿ‡ธ 30 2025 Barcelona
100%
๐Ÿ‡ฎ๐Ÿ‡น 19 2025 Inter Milan
100%
๐Ÿ‡ช๐Ÿ‡ธ 30 2025 Real Madrid
100%
๐Ÿด๓ ง๓ ข๓ ฅ๓ ฎ๓ ง๓ ฟ 1 2025 Aston Villa
96%
๐Ÿ‡ฉ๐Ÿ‡ช 29 2025 Bayern Munich
96%
๐Ÿ‡ต๐Ÿ‡น 19 2025 Benfica
96%
๐Ÿ‡ฎ๐Ÿ‡น 25 2025 Juventus
96%
๐Ÿ‡ฎ๐Ÿ‡น 11 2019 Roma
96%
๐Ÿ‡ช๐Ÿ‡ธ 16 2025 Atlรฉtico Madrid
91%
๐Ÿ‡ฉ๐Ÿ‡ช 20 2025 Borussia Dortmund
91%
๐Ÿด๓ ง๓ ข๓ ฅ๓ ฎ๓ ง๓ ฟ 20 2023 Chelsea
91%
๐Ÿ‡น๐Ÿ‡ท 18 2024 Galatasaray
91%
๐Ÿด๓ ง๓ ข๓ ฅ๓ ฎ๓ ง๓ ฟ 17 2025 Liverpool
91%
๐Ÿด๓ ง๓ ข๓ ฅ๓ ฎ๓ ง๓ ฟ 15 2025 Manchester City
91%
๐Ÿด๓ ง๓ ข๓ ฅ๓ ฎ๓ ง๓ ฟ 25 2024 Manchester United
91%
๐Ÿ‡ซ๐Ÿ‡ท 18 2025 Paris Saint-Germain
91%
๐Ÿ‡ต๐Ÿ‡น 27 2024 Porto
91%
๐Ÿ‡ต๐Ÿ‡น 12 2025 Sporting CP
91%
๐Ÿ‡ณ๐Ÿ‡ฑ 19 2024 Ajax
87%
๐Ÿ‡ซ๐Ÿ‡ท 16 2020 Lyon
87%
๐Ÿ‡ฎ๐Ÿ‡น 9 2024 Napoli
87%
๐Ÿ‡ง๐Ÿ‡ช 11 2025 Club Brugge
83%
๐Ÿ‡บ๐Ÿ‡ฆ 18 2022 Dynamo Kyiv
83%
๐Ÿด๓ ง๓ ข๓ ฅ๓ ฎ๓ ง๓ ฟ 7 2023 Tottenham Hotspur
83%
๐Ÿด๓ ง๓ ข๓ ฅ๓ ฎ๓ ง๓ ฟ 22 2025 Arsenal
78%
๐Ÿ‡ซ๐Ÿ‡ท 12 2023 Marseille
78%
๐Ÿ‡ณ๐Ÿ‡ฑ 19 2025 PSV Eindhoven
78%
๐Ÿ‡ช๐Ÿ‡ธ 9 2024 Sevilla
78%
๐Ÿ‡ฎ๐Ÿ‡น 5 2025 Atalanta
74%
๐Ÿ‡ช๐Ÿ‡ธ 3 2015 Athletic Bilbao
74%
๐Ÿด๓ ง๓ ข๓ ณ๓ ฃ๓ ด๓ ฟ 13 2024 Celtic
74%
๐Ÿ‡ฎ๐Ÿ‡น 7 2024 Lazio
74%
๐Ÿ‡ซ๐Ÿ‡ท 8 2025 Lille
74%
๐Ÿด๓ ง๓ ข๓ ฅ๓ ฎ๓ ง๓ ฟ 4 2025 Newcastle United
74%
๐Ÿ‡ฌ๐Ÿ‡ท 21 2021 Olympiacos
74%
๐Ÿ‡ช๐Ÿ‡ธ 12 2020 Valencia
74%
๐Ÿ‡ช๐Ÿ‡ธ 5 2022 Villarreal
74%
๐Ÿ‡จ๐Ÿ‡ญ 4 2025 Young Boys
74%
๐Ÿ‡น๐Ÿ‡ท 8 2022 Besiktas
70%
๐Ÿ‡ญ๐Ÿ‡ท 9 2025 Dinamo Zagreb
70%
๐Ÿ‡ฉ๐Ÿ‡ช 2 2023 Eintracht Frankfurt
70%
๐Ÿ‡น๐Ÿ‡ท 6 2009 Fenerbahce
70%
๐Ÿด๓ ง๓ ข๓ ณ๓ ฃ๓ ด๓ ฟ 11 2023 Rangers
70%
๐Ÿ‡ช๐Ÿ‡ธ 3 2024 Real Sociedad
70%
๐Ÿ‡บ๐Ÿ‡ฆ 19 2025 Shakhtar Donetsk
70%
๐Ÿ‡จ๐Ÿ‡ญ 8 2018 Basel
65%
๐Ÿ‡ฉ๐Ÿ‡ช 15 2025 Bayer Leverkusen
65%
๐Ÿ‡ฉ๐Ÿ‡ฐ 6 2024 Copenhagen
65%
๐Ÿ‡ท๐Ÿ‡ด 7 2014 FCSB
65%
๐Ÿ‡ณ๐Ÿ‡ฑ 7 2025 Feyenoord
65%
๐Ÿด๓ ง๓ ข๓ ฅ๓ ฎ๓ ง๓ ฟ 1 2017 Leicester City
65%
๐Ÿ‡ฆ๐Ÿ‡น 7 2025 Red Bull Salzburg
65%
๐Ÿ‡ง๐Ÿ‡ช 12 2018 Anderlecht
61%
๐Ÿ‡ต๐Ÿ‡น 3 2024 Braga
61%
๐Ÿ‡ฎ๐Ÿ‡น 3 2010 Fiorentina
61%
๐Ÿ‡ต๐Ÿ‡ฑ 2 2017 Legia Warsaw
61%
๐Ÿ‡ท๐Ÿ‡ธ 4 2025 Red Star Belgrade
61%
๐Ÿ‡ฉ๐Ÿ‡ช 8 2019 Schalke 04
61%
๐Ÿ‡ฉ๐Ÿ‡ช 4 2025 VfB Stuttgart
61%
๐Ÿ‡ฉ๐Ÿ‡ช 3 2022 VfL Wolfsburg
61%
๐Ÿ‡ท๐Ÿ‡บ 9 2022 Zenit Saint Petersburg
61%
๐Ÿ‡ฎ๐Ÿ‡น 1 2025 Bologna
57%
๐Ÿ‡ซ๐Ÿ‡ท 1 2025 Brest
57%
๐Ÿ‡ท๐Ÿ‡บ 12 2019 CSKA Moscow
57%
๐Ÿ‡ช๐Ÿ‡ธ 1 2013 Mรกlaga
57%
๐Ÿ‡ธ๐Ÿ‡ช 3 2022 Mรคlmo FF
57%
๐Ÿ‡ฒ๐Ÿ‡จ 11 2025 Monaco
57%
๐Ÿ‡ช๐Ÿ‡ธ 1 2006 Real Betis
57%
๐Ÿ‡ฌ๐Ÿ‡ท 5 2019 AEK Athens
52%
๐Ÿ‡จ๐Ÿ‡พ 4 2018 APOEL
52%
๐Ÿ‡ฆ๐Ÿ‡น 1 2014 Austria Wien
52%
๐Ÿ‡ง๐Ÿ‡ช 3 2020 Genk
52%
๐Ÿ‡ฉ๐Ÿ‡ช 2 2007 Hamburger FC
52%
๐Ÿด๓ ง๓ ข๓ ฅ๓ ฎ๓ ง๓ ฟ 1 2001 Leeds United
52%
๐Ÿ‡ซ๐Ÿ‡ท 3 2024 Lens
52%
๐Ÿ‡ฌ๐Ÿ‡ท 9 2011 Panathinaikos
52%
๐Ÿ‡ฆ๐Ÿ‡ฟ 1 2018 Qarabag
52%
๐Ÿ‡ท๐Ÿ‡บ 12 2018 Spartak Moscow
52%
๐Ÿ‡จ๐Ÿ‡ฟ 8 2025 Sparta Prague
52%
๐Ÿ‡ฉ๐Ÿ‡ช 7 2011 Werder Bremen
52%
๐Ÿ‡ง๐Ÿ‡พ 5 2016 BATE Borisov
48%
๐Ÿ‡ฉ๐Ÿ‡ช 3 2021 Borussia Mรถnchengladbach
48%
๐Ÿ‡ท๐Ÿ‡บ 6 2021 Lokomotiv Moscow
48%
๐Ÿ‡ฎ๐Ÿ‡น 1 1998 Parma
48%
๐Ÿ‡ฆ๐Ÿ‡น 2 2006 Rapid Wien
48%
๐Ÿ‡ฉ๐Ÿ‡ช 7 2025 RB Leipzig
48%
๐Ÿ‡ง๐Ÿ‡ช 1 2024 Royal Antwerp
48%
๐Ÿ‡ณ๐Ÿ‡ฑ 1 2010 AZ Alkmaar
43%
๐Ÿ‡ท๐Ÿ‡ด 3 2013 CFR Cluj
43%
๐Ÿ‡ช๐Ÿ‡ธ 5 2005 Deportivo La Coruรฑa
43%
๐Ÿ‡ฉ๐Ÿ‡ช 1 2000 Hertha BSC
43%
๐Ÿ‡ณ๐Ÿ‡ด 1 2000 Molde
43%
๐Ÿ‡ซ๐Ÿ‡ท 1 2013 Montpellier
43%
๐Ÿ‡ท๐Ÿ‡ธ 2 2011 Partizan
43%
๐Ÿ‡ซ๐Ÿ‡ท 1 2021 Rennes
43%
๐Ÿ‡ธ๐Ÿ‡ฐ 1 2025 Slovan Bratislava
43%
๐Ÿ‡ง๐Ÿ‡ช 1 2010 Standard Liรจge
43%
๐Ÿ‡ซ๐Ÿ‡ท 4 2010 Bordeaux
39%
๐Ÿ‡ช๐Ÿ‡ธ 1 2004 Celta Vigo
39%
๐Ÿ‡ง๐Ÿ‡ฌ 2 2017 Ludogorets
39%
๐Ÿ‡ซ๐Ÿ‡ท 2 2002 Nantes
39%
๐Ÿ‡ฒ๐Ÿ‡ฉ 1 2022 Sheriff Tiraspol
39%
๐Ÿ‡จ๐Ÿ‡ฟ 3 2020 Slavia Prague
39%
๐Ÿ‡ณ๐Ÿ‡ฑ 1 2011 Twente
39%
๐Ÿ‡ฎ๐Ÿ‡น 1 2006 Udinese
39%
๐Ÿ‡จ๐Ÿ‡ฟ 4 2023 Viktoria Plzen
39%
๐Ÿด๓ ง๓ ข๓ ฅ๓ ฎ๓ ง๓ ฟ 1 1996 Blackburn Rovers
35%
๐Ÿ‡จ๐Ÿ‡ญ 1 2010 FC Zรผrich
35%
๐Ÿ‡ญ๐Ÿ‡บ 2 2021 Ferencvรกros
35%
๐Ÿ‡ง๐Ÿ‡ช 1 2016 Gent
35%
๐Ÿ‡จ๐Ÿ‡ญ 2 1997 Grasshopper
35%
๐Ÿ‡ช๐Ÿ‡ธ 1 2002 Mallorca
35%
๐Ÿ‡ณ๐Ÿ‡ด 11 2008 Rosenborg
35%
๐Ÿ‡ฆ๐Ÿ‡น 4 2025 Sturm Graz
35%
๐Ÿ‡ฉ๐Ÿ‡ช 1 2024 Union Berlin
35%
๐Ÿ‡ช๐Ÿ‡ธ 1 2025 Girona
30%
๐Ÿ‡ธ๐Ÿ‡ช 4 1998 IFK Gรถteborg
30%
๐Ÿ‡ฎ๐Ÿ‡ฑ 3 2023 Maccabi Haifa
30%
๐Ÿ‡ฎ๐Ÿ‡ฑ 2 2016 Maccabi Tel Aviv
30%
๐Ÿ‡ธ๐Ÿ‡ฎ 3 2018 Maribor
30%
๐Ÿ‡ท๐Ÿ‡บ 2 2011 Rubin Kazan
30%
๐Ÿ‡น๐Ÿ‡ท 1 2012 Trabzonspor
30%
๐Ÿ‡ฐ๐Ÿ‡ฟ 1 2016 Astana
26%
๐Ÿ‡ต๐Ÿ‡น 2 2002 Boavista
26%
๐Ÿ‡น๐Ÿ‡ท 1 2011 Bursaspor
26%
๐Ÿ‡ฎ๐Ÿ‡ฑ 1 2011 Hapoel Tel Aviv
26%
๐Ÿ‡ณ๐Ÿ‡ฑ 1 2001 Heerenveen
26%
๐Ÿ‡ซ๐Ÿ‡ฎ 1 1999 HJK
26%
๐Ÿ‡น๐Ÿ‡ท 1 2021 Istanbul Basaksehir
26%
๐Ÿ‡ฉ๐Ÿ‡ฐ 1 2021 Midtjylland
26%
๐Ÿ‡ฉ๐Ÿ‡ฐ 2 2009 Aalborg
22%
๐Ÿ‡ญ๐Ÿ‡ท 1 1995 Hajduk Split
22%
๐Ÿ‡ง๐Ÿ‡ช 1 2026 Union Saint-Gilloise
22%
๐Ÿ‡ท๐Ÿ‡บ 1 2021 Krasnodar
22%
๐Ÿ‡ณ๐Ÿ‡ฑ 1 2000 Willem II
22%
๐Ÿ‡จ๐Ÿ‡พ 1 2009 Anorthosis
17%
๐Ÿ‡ญ๐Ÿ‡บ 1 2010 Debrecen
17%
๐Ÿ‡ธ๐Ÿ‡ช 1 2001 Helsingborgs IF
17%
๐Ÿ‡จ๐Ÿ‡ญ 1 2006 Thun
17%
๐Ÿ‡ฉ๐Ÿ‡ช 1 2019 TSG Hoffenheim
17%
๐Ÿ‡ธ๐Ÿ‡ฐ 1 2011 ลฝilina
17%
๐Ÿ‡ธ๐Ÿ‡ช 1 2000 AIK
13%
๐Ÿ‡ฉ๐Ÿ‡ฐ 1 1999 Brรธndby
13%
๐Ÿ‡ธ๐Ÿ‡ฐ 1 1998 Koลกice
13%
๐Ÿ‡ง๐Ÿ‡ฌ 1 2007 Levski Sofia
13%
๐Ÿ‡ง๐Ÿ‡ช 1 1998 Lierse
13%
๐Ÿ‡ท๐Ÿ‡ด 1 2012 Otelul Galati
13%
๐Ÿ‡ท๐Ÿ‡บ 1 2017 Rostov
13%
๐Ÿ‡ซ๐Ÿ‡ท 3 2011 Auxerre
9%
๐Ÿ‡ฉ๐Ÿ‡ฐ 1 2013 Nordsjรฆlland
9%
๐Ÿ‡ต๐Ÿ‡ฑ 1 1997 Widzew ลรณdลบ
9%
๐Ÿ‡ธ๐Ÿ‡ฐ 1 2006 Petrลพalka
4%
๐Ÿ‡ท๐Ÿ‡ด 1 2010 Unirea Urziceni
4%
๐Ÿ‡ฉ๐Ÿ‡ช 1 1999 FC Kaiserslautern
0%
No matching quizzes found
Score Distribution
Percent of People with Each Score
Percentile by Number Answered
Your Score History
You have not taken this quiz